000 01066nam a2200289Ia 4500
003 OSt
005 20220923211348.0
006 a|||||r|||| 00| 0
007 ta
008 220922b |||||||| |||| 00| 0 san d
020 _a9788185924236 (hbk)
_c1000
024 _a349,409
037 _b245, 16/01/2019, Eastern Book Linkers
_cTextual
040 _aARTS
_cARTS
_bsan
041 _2san
_asan
082 _aO15,1N40x, Q5.1
100 _aशुक्ल, रमा कान्त, ले.
_9160304
245 0 _aश्रीहीरकप्राभृतम्
246 _aShrīhīrakaprābhṛutam
260 _aनयी दिल्ली
_b देववाणी - परिषद
_c2015
300 _a536पृ0
_ccm.
490 _vभाग 1
650 _a संस्कृत साहित्य
650 _aसंस्कृत कविता
_9156350
942 _hO15,1N40x, Q5.1
_cTEXL
_2CC
999 _c298787
_d298787